000
00313nam a22001337a 4500
008
170627b xxu||||| |||| 00| 0 eng d
020
_a
2900813027509
041
_a
eng
080
_a
821
100
_a
21
101
_a
GJL
245
_a
THE HANDBOOK OF AFRICAN AMERICAN LITERATURE
_c
ERVIN, H.A
942
_2
udc
_c
BK
999
_c
19296
_d
19296